000
00274nam a2200121Ia 4500
008
190216s9999||||xx |||||||||||||| ||und||
100
_a
Kakkanadan G V
245
0
_a
Ee Naykalude Lokam
260
_b
Poorna Pubs Kozhikode
300
_a
788p
650
_a
Novel
942
_c
BK
999
_c
27380
_d
27380